Normal view
MARC view
- Historic buildings
Entry Topical Term
001 - CONTROL NUMBER
- control field: 25185
003 - CONTROL NUMBER IDENTIFIER
- control field: NUST
005 - DATE AND TIME OF LATEST TRANSACTION
- control field: 20191105113517.0
008 - FIXED-LENGTH DATA ELEMENTS
- fixed length control field: 191105|| aca||aabn | a|a d
040 ## - CATALOGING SOURCE
- Original cataloging agency: NUST
- Transcribing agency: NUST
150 ## - HEADING--TOPICAL TERM
- Topical term or geographic name entry element: Historic buildings
670 ## - SOURCE DATA FOUND
- Source citation: Work cat.: (NUST)0: Bill Martin 25183, English Heritage practical building conservation. Conservation basics /, c2013.
